书目信息 |
| 题名: |
英语故事课堂
|
|
| 作者: | 卡塞, , 西尔弗曼, 著 | |
| 分册: | ||
| 出版信息: | 北京 世界图书出版公司 2005.09 |
|
| 页数: | 215页 | |
| 开本: | 26cm | |
| 丛书名: | 朗文常青树英语学习系列 | |
| 单 册: | ||
| 中图分类: | H319.4 | |
| 科图分类: | ||
| 主题词: | 英语--ying yu--阅读教学--教学参考资料 | |
| 电子资源: | ||
| ISBN: | 7-5062-7718-2 | |
| 000 | 01315nam 2200277 450 | |
| 001 | 012006221906 | |
| 005 | 20060920093750.82 | |
| 010 | @a7-5062-7718-2@dCNY19.00 | |
| 100 | @a20060616d2005 km y0chiy0120 ea | |
| 101 | 0 | @achi@aeng |
| 102 | @aCN@b110000 | |
| 105 | @aa z 000yy | |
| 200 | 1 | @a英语故事课堂@Aying yu gu shi ke tang@e读故事学英语@d= Stories we brought with us@ebeginning readings@f(英) 卡罗尔·卡塞(Carol Kasser), 安·西尔弗曼(Ann Silverman)著@F(ying)ka luo er·ka sai(Carol Kasser),an·xi er fu man(Ann Silverman)zhu@zeng |
| 210 | @a北京@c世界图书出版公司@d2005.09 | |
| 215 | @a215页@c图@d26cm | |
| 225 | 2 | @a朗文常青树英语学习系列@Alang wen chang qing shu ying yu xue xi xi lie |
| 330 | @a本书以故事的形式来学习英语。每篇故事都有两种译文,译文A使用了比较简单的句子结构和词汇,译文B的句子结构有了更多的变化。并且每篇文章都配有插图,每种译文后有阅读、词汇和语法练习。 | |
| 410 | 0 | @12001 @a朗文常青树英语学习系列 |
| 510 | 1 | @aStories we brought with us@ebeginning readings@zeng |
| 517 | 1 | @a读故事学英语@Adu gu shi xue ying yu |
| 606 | 0 | @a英语@Aying yu@x阅读教学@j教学参考资料 |
| 690 | @aH319.4@v4 | |
| 701 | 1 | @a卡塞,@Aka sai,@bC.@g(Kasser, Carol)@4著 |
| 701 | 1 | @a西尔弗曼,@Axi er fu man,@bA.@g(Silverman, Ann)@4著 |
| 801 | 0 | @aCN@bQSSK@c20060920 |
| 905 | @a10447@dH319.4@eK093 | |
| 英语故事课堂:读故事学英语= Stories we brought with us:beginning readings/(英) 卡罗尔·卡塞(Carol Kasser), 安·西尔弗曼(Ann Silverman)著.-北京:世界图书出版公司,2005.09 |
| 215页:图;26cm.-(朗文常青树英语学习系列) |
| ISBN 7-5062-7718-2:CNY19.00 |
| 本书以故事的形式来学习英语。每篇故事都有两种译文,译文A使用了比较简单的句子结构和词汇,译文B的句子结构有了更多的变化。并且每篇文章都配有插图,每种译文后有阅读、词汇和语法练习。 |
| ● |
| 相关链接 |
|
|
|
正题名:英语故事课堂
索取号:H319.4/K093
 
预约/预借
| 序号 | 登录号 | 条形码 | 馆藏地/架位号 | 状态 | 备注 |
| 1 | 588177 | 205881777 | 语言库209/209语言库 46排2列3层/ [索取号:H319.4/K093] | 在馆 | |
| 2 | 588178 | 205881786 | 语言库209/209语言库 46排2列3层/ [索取号:H319.4/K093] | 在馆 | |
| 3 | 588179 | 205881795 | 语言库209/209语言库 46排2列3层/ [索取号:H319.4/K093] | 在馆 |